<?xml version="1.0" encoding="UTF-8"?>
<collection xmlns:xsi="http://www.w3.org/2001/XMLSchema-instance" xsi:schemaLocation="http://www.loc.gov/MARC21/slim http://www.loc.gov/standards/marcxml/schema/MARC21slim.xsd" xmlns="http://www.loc.gov/MARC21/slim">
 <record>
  <leader>00000ctm a22000003a 4500</leader>
  <controlfield tag="001">UP-8027390931313951550</controlfield>
  <controlfield tag="003">Buklod</controlfield>
  <controlfield tag="005">20151027154421.0</controlfield>
  <controlfield tag="006">m    |o  d |      </controlfield>
  <controlfield tag="007">ta</controlfield>
  <controlfield tag="008">151027s        xx     d     r    |||| u|</controlfield>
  <datafield tag="035" ind1=" " ind2=" ">
   <subfield code="a">(iLib)UPVIS-00039211404</subfield>
  </datafield>
  <datafield tag="037" ind1=" " ind2=" ">
   <subfield code="a">Gift</subfield>
  </datafield>
  <datafield tag="040" ind1=" " ind2=" ">
   <subfield code="a">VML/ess 3.16.17</subfield>
  </datafield>
  <datafield tag="041" ind1=" " ind2=" ">
   <subfield code="a">eng</subfield>
  </datafield>
  <datafield tag="090" ind1=" " ind2="0">
   <subfield code="a">LG 993.5 2000 P7 A44</subfield>
  </datafield>
  <datafield tag="100" ind1="1" ind2=" ">
   <subfield code="a">Alegario, Sharon S.</subfield>
  </datafield>
  <datafield tag="245" ind1="0" ind2="0">
   <subfield code="a">Students' conceptions of learning and learning styles and teachers' conceptions of teaching and teaching styles.</subfield>
  </datafield>
  <datafield tag="264" ind1=" " ind2="1">
   <subfield code="a">2000.</subfield>
  </datafield>
  <datafield tag="300" ind1=" " ind2=" ">
   <subfield code="a">42 leaves</subfield>
   <subfield code="b">computer print-out.</subfield>
  </datafield>
  <datafield tag="500" ind1=" " ind2=" ">
   <subfield code="a">Research Paper (Undergraduate, Bachelor of Arts in Psychology) College of Arts and Sciences, University of the Philippines Visayas, Miagao, Iloilo.</subfield>
  </datafield>
  <datafield tag="520" ind1=" " ind2=" ">
   <subfield code="a">This study aimed to identify the relationship that exists between students' conceptions of learning and their learning styles, teachers' conceptions of teaching and their teaching styles and students' learning styles and teachers' teaching styles.  Respondents of the study were three (3) Communication II teachers, three (3) mathematics 14 teachers and twenty of their respective students. It was conducted last February 7 to 18, 2000, AY 1999-2000 at the CAS Bldg. using a survey.  There were two sets of questionnaire, one for the students and one for the teachers.  The first set included the Conceptions of Learning Questionnaire and Learning Style Inventory using a five-point scale and the second set included the Conceptions of Teaching Questionnaire and Teaching Style Inventory.  The Pearson product Moment Correlation was used to determine the relationship that exists between students' conceptions of learning and their learning styles and the students' learning styles.  While the Spearman Rank-Order Correlation was used to determine the relationship that exists between teachers' conceptions of teaching and their teaching styles.  Results of the study indicated that there is a positive relationship between students' conception of teaching as a complex process and their teaching style of an expert.  The study also showed that there is a positive relationship between students' conceptions of learning as increasing one's knowledge and their active experimentation  learning style.  There is also a positive relationship between teachers' expert teaching style and their students' active experimentation learning style.  It is recommended that future researchers would look into other different learning styles and teaching styles that match which will result to an improved learning environment and a higher academic achievement.</subfield>
  </datafield>
  <datafield tag="650" ind1=" " ind2="0">
   <subfield code="a">Learning styles</subfield>
   <subfield code="x">Student's conceptions.</subfield>
  </datafield>
  <datafield tag="650" ind1="0" ind2="0">
   <subfield code="a">Teaching styles</subfield>
   <subfield code="x">Teacher's conception.</subfield>
  </datafield>
  <datafield tag="700" ind1="0" ind2=" ">
   <subfield code="a">Palec, Rhea.</subfield>
  </datafield>
  <datafield tag="720" ind1=" " ind2=" ">
   <subfield code="a">Ticao, Cynthia</subfield>
   <subfield code="e">Adviser.</subfield>
  </datafield>
  <datafield tag="852" ind1="0" ind2=" ">
   <subfield code="a">UPVIS</subfield>
   <subfield code="b">UPV-ML</subfield>
   <subfield code="h">LG 993.5 2000 P7 A44</subfield>
  </datafield>
  <datafield tag="942" ind1=" " ind2=" ">
   <subfield code="a">Thesis</subfield>
  </datafield>
 </record>
</collection>
